Tilastot visalle Espanjan alueet

Klikkaa tästä pelataksesi tätä visaa!

Yleistilastot

  • Tätä visaa on pelattu 265 kertaa
  • Keskiarvotulos 9 / 17

Vastaukset kartalla

Vastauksille on annettu kartalla punavihreä väri sen mukaan, kuinka moni on saanut sen oikein.
 

Vastaustilastot

Itsehallintoalue% Oikein
Katalonia
91%
Madrid
81%
Andalusia
75%
Kanariansaaret
74%
Valencia
69%
Baskimaa
67%
Baleaarit
54%
Murcia
52%
Galicia
49%
Navarra
42%
Extremadura
40%
Aragonia
39%
Asturia
38%
Cantabria
36%
La Rioja
36%
Kastilia ja León
34%
Kastilia-La Mancha
31%

Tulosjakauma

Persentiili vastausten määrän mukaan

Jokaisen tuloksen saaneiden osuus

Tuloshistoriasi

Et ole pelannut tätä visaa